000
00294nam a22001337a 4500
008
170914b xxu||||| |||| 00| 0 eng d
020
_a
0385123493
041
_a
eng
080
_a
7
100
_a
44
101
_a
ART
245
_a
FOLK CRAFTS FOR WORLD FRIENDSHIP
_c
TEMKO,F
942
_2
udc
_c
BK
999
_c
27730
_d
27730